• 首页
  • 本馆介绍
  • 公告通知
  • 最新文献
  • 馆藏检索
  • 电子资源
  • 读者导购
  • 参考咨询
  • 我的图书馆
  • 登录
  • 详细信息显示
  • 放入我的书架
  • 预约/预借图书
  • 作者相关作品
  • 分类相关作品
  • 丛书相关作品
  • 出版社相关作品

书目信息

  • 表格格式
  • 工作单格式
  • 卡片格式
题名:
世界发明之王
    
 
作者: 于元 编著
分册:  
出版信息: 长春   吉林科学技术出版社  2012
页数: 118页
开本: 23cm
丛书名: 世界五千年科技故事丛书
单 册:
中图分类: K837.126.1=51 , K837.126.1
科图分类:
主题词:
电子资源:
ISBN: 978-7-5384-6093-3
000 01008nam0 2200289 450
001 2368115771
005 20231109101035.06
010    @a978-7-5384-6093-3@dCNY33.00
090    @aK837.126.1@byy
100    @a20140429d2012 em y0chiy50 ea
101 0  @achi
102    @aCN@b220000
105    @ay z 000yb
200 1  @a世界发明之王@Ashi jie fa ming zhi wang@e爱迪生的故事@f于元编著
210    @a长春@c吉林科学技术出版社@d2012
215    @a118页@d23cm
225 1  @a世界五千年科技故事丛书
330    @a本书内容包括:火的威力、好奇心极强的孩子、三个月的学历、母亲兼老师、火车上的实验室、小小电报员、流浪的日子等。
461  0 @12001 @a世界五千年科技故事丛书
517 1  @a爱迪生的故事@Aai di sheng de gu shi
600  0 @a爱迪生@c(Edison, Thomas Alva@f1847-1931)@x生平事迹
600  0 @a爱迪生@c(Edison, Thomas Alva@f1847-1931)
690    @aK837.126.1=51@v5
690    @aK837.126.1@v4
701  0 @a于元@Ayu yuan@c(科普)@4编著
801  0 @aCN@b山东中教@c20230926
905    @aBZT@dK837.126.1@e15
    
    世界发明之王:爱迪生的故事/于元编著.-长春:吉林科学技术出版社,2012
    118页;23cm.-(世界五千年科技故事丛书)
    
    
    ISBN 978-7-5384-6093-3:CNY33.00
    本书内容包括:火的威力、好奇心极强的孩子、三个月的学历、母亲兼老师、火车上的实验室、小小电报员、流浪的日子等。
●
相关链接 在五车中查询图书 在当当中查询图书 在豆瓣中查询图书


正题名:世界发明之王     索取号:K837.126.1/15         预约/预借

序号 登录号 条形码 馆藏地/架位号 状态 备注
1 2000953287   2000953287   第四书库/四30架B面1层5列/ [索取号:K837.126.1/15] 在馆    
2 2000953288   2000953288   第四书库/四30架B面1层5列/ [索取号:K837.126.1/15] 在馆    
3 2000953289   2000953289   第四书库/四30架B面1层5列/ [索取号:K837.126.1/15] 在馆    
4 2000953290   2000953290   第四书库/四30架B面1层5列/ [索取号:K837.126.1/15] 在馆    
5 2000953291   2000953291   第四书库/四30架B面1层5列/ [索取号:K837.126.1/15] 在馆    
6 2000953292   2000953292   第四书库/四30架B面1层5列/ [索取号:K837.126.1/15] 在馆    
山东省滨州职业学院图书馆 欢迎您!
大连网信软件有限公司© 版权所有